<?xml version="1.0" encoding="UTF-8"?>
<record
    xmlns:xsi="http://www.w3.org/2001/XMLSchema-instance"
    xsi:schemaLocation="http://www.loc.gov/MARC21/slim http://www.loc.gov/standards/marcxml/schema/MARC21slim.xsd"
    xmlns="http://www.loc.gov/MARC21/slim">

  <leader>01034nam a22002297a 4500</leader>
  <controlfield tag="005">20110913152830.0</controlfield>
  <controlfield tag="008">110913t        xxu||||| |||| 00| 0 mar d</controlfield>
  <datafield tag="010" ind1=" " ind2=" ">
    <subfield code="a">MAR-21289</subfield>
  </datafield>
  <datafield tag="020" ind1=" " ind2=" ">
    <subfield code="a">9788174345455</subfield>
    <subfield code="c">300.00</subfield>
  </datafield>
  <datafield tag="035" ind1=" " ind2=" ">
    <subfield code="a">MR-13947</subfield>
  </datafield>
  <datafield tag="037" ind1=" " ind2=" ">
    <subfield code="b">DBAD/PUB</subfield>
  </datafield>
  <datafield tag="040" ind1=" " ind2=" ">
    <subfield code="a">DPL</subfield>
    <subfield code="b">MR</subfield>
  </datafield>
  <datafield tag="082" ind1=" " ind2=" ">
    <subfield code="a">158.1</subfield>
  </datafield>
  <datafield tag="100" ind1=" " ind2=" ">
    <subfield code="a">&#x938;&#x93E;&#x933;&#x941;&#x902;&#x916;&#x947;,&#x938;&#x902;&#x926;&#x940;&#x92A;&#x915;&#x941;&#x92E;&#x93E;&#x930; </subfield>
    <subfield code="9">34729</subfield>
  </datafield>
  <datafield tag="245" ind1=" " ind2=" ">
    <subfield code="a">&#x909;&#x920;&#x93E;,&#x91C;&#x93E;&#x917;&#x947; &#x935;&#x94D;&#x939;&#x93E;...! /</subfield>
    <subfield code="c">&#x938;&#x902;&#x926;&#x940;&#x92A;&#x915;&#x941;&#x92E;&#x93E;&#x930; &#x938;&#x93E;&#x933;&#x941;&#x902;&#x916;&#x947;</subfield>
  </datafield>
  <datafield tag="246" ind1=" " ind2=" ">
    <subfield code="a">Utha,Jage Wha</subfield>
    <subfield code="b">by Sandeepkumar Salukhe</subfield>
  </datafield>
  <datafield tag="260" ind1=" " ind2=" ">
    <subfield code="a">&#x92A;&#x941;&#x923;&#x947; </subfield>
    <subfield code="b">&#x930;&#x93E;&#x91C;&#x939;&#x902;&#x938; &#x92A;&#x94D;&#x930;&#x915;&#x93E;&#x936;&#x928;   </subfield>
    <subfield code="c">2011</subfield>
  </datafield>
  <datafield tag="270" ind1=" " ind2=" ">
    <subfield code="a">1025,&#x938;&#x926;&#x93E;&#x936;&#x93F;&#x935; &#x92A;&#x947;&#x920; </subfield>
    <subfield code="b">&#x92A;&#x941;&#x923;&#x947; </subfield>
    <subfield code="e">411030</subfield>
  </datafield>
  <datafield tag="300" ind1=" " ind2=" ">
    <subfield code="a">&#x924;&#x947;&#x930;&#x93E;,306&#x92A;&#x943;.</subfield>
    <subfield code="c">21&#x938;&#x947;&#x92E;&#x940;(&#x905;&#x91C;&#x93F;&#x932;&#x94D;&#x926;)</subfield>
  </datafield>
  <datafield tag="942" ind1=" " ind2=" ">
    <subfield code="2">ddc</subfield>
    <subfield code="c">MR</subfield>
    <subfield code="h">158.1</subfield>
    <subfield code="m">&#x938;&#x93E;&#x933;&#x941;&#x902;&#x916;&#x947;</subfield>
  </datafield>
  <datafield tag="999" ind1=" " ind2=" ">
    <subfield code="c">56568</subfield>
    <subfield code="d">56568</subfield>
  </datafield>
  <datafield tag="952" ind1=" " ind2=" ">
    <subfield code="0">0</subfield>
    <subfield code="1">0</subfield>
    <subfield code="2">ddc</subfield>
    <subfield code="4">0</subfield>
    <subfield code="7">1</subfield>
    <subfield code="8">NFIC</subfield>
    <subfield code="a">DBAD</subfield>
    <subfield code="b">DBAD</subfield>
    <subfield code="d">2011-09-13</subfield>
    <subfield code="e">DBAD / PUB</subfield>
    <subfield code="g">300.00</subfield>
    <subfield code="l">0</subfield>
    <subfield code="o">158.1 &#x938;&#x93E;&#x933;&#x941;&#x902;&#x916;&#x947;</subfield>
    <subfield code="p">MR-13947</subfield>
    <subfield code="r">2011-09-13 00:00:00</subfield>
    <subfield code="t">1</subfield>
    <subfield code="v">300.00</subfield>
    <subfield code="w">2011-09-13</subfield>
    <subfield code="y">MR</subfield>
  </datafield>
</record>
